|
|
|
|
| LEADER |
00880nam a2200289 4500 |
| 001 |
DLU090078749 |
| 005 |
##20090608 |
| 040 |
# |
# |
|a DLU
|b eng
|
| 041 |
# |
# |
|a eng
|
| 044 |
# |
# |
|a UK
|
| 100 |
# |
# |
|a Fumin, Song.
|
| 245 |
# |
# |
|a Solutions of semilinear evolution inclusions in banach spaces under weak* topology /
|c Song Fumin.
|
| 653 |
# |
# |
|a Banach space
|
| 653 |
# |
# |
|a Normal cone
|
| 653 |
# |
# |
|a Semigroup
|
| 653 |
# |
# |
|a Semilinear evolution inclusions
|
| 653 |
# |
# |
|a Weak* topology
|
| 773 |
# |
# |
|t Nonlinear Analysis, Theory, Methods & Applications
|g Vol. 30, part 7 (December 1997), p. 4209-4215
|
| 920 |
# |
# |
|a Phòng Tạp chí -- Trung tâm Thông tin - Thư viện Trường Đại học Đà Lạt
|
| 994 |
# |
# |
|a DLU
|
| 900 |
# |
# |
|a True
|
| 911 |
# |
# |
|a Trương Bảo Trâm Anh
|
| 925 |
# |
# |
|a G
|
| 926 |
# |
# |
|a A
|
| 927 |
# |
# |
|a BB
|
| 980 |
# |
# |
|a Thư viện Trường Đại học Đà Lạt
|